النهضة العربية والنهضة اليابانية : (رقم التسجيلة. 75519)

تفاصيل مارك
000 -الفاتح
عناصر البيانات ثابتة الطول 00858cam a2200217 i 4500
005 - تاريخ ووقت آخر معاملة
حقل ضبط 20260120103721.0
008 - عناصر البيانات ثابتة الطول
عناصر البيانات ثابتة الطول 250721s1999 le gr 000 0 ara d
082 14 - رقم تصنيف ديوي العشري
رقم التصنيف 952
رقم المادة ض ا ه
100 1# - مدخل رئيسي – اسم شخصي
الاسم الشخصي ضاهر، مسعود
علاقة الشخص بالعمل/ دوره مؤلف.
245 12 - بيان العنوان
العنوان النهضة العربية والنهضة اليابانية :
بقية العنوان تشابه المقدمات وإختلاف النتائج /
بيان المسؤولية الدكتور مسعود ضاهر.
250 ## - بيان الطبعة
بيان الطبعة الطبعة الاولى.
264 31 - بيانات النشر، التوزيع…إلخ
مكان النشر، التوزيع...إلخ الكويت :
اسم الناشر، الموزع...إلخ المجلس الوطني للثقافة و الفنون و الآداب،
تاريخ النشر، التوزيع...إلخ 1999.
300 ## - الوصف المادي
عدد الوحدات المكونة للوعاء 399صفحة.
650 17 - مدخل إضافي بالموضوع - مصطلح موضوعي
مصطلح موضوعي أو اسم جغرافي كعنصر مدخل التاريخ.
650 17 - مدخل إضافي بالموضوع - مصطلح موضوعي
مصطلح موضوعي أو اسم جغرافي كعنصر مدخل اليابان.
650 17 - مدخل إضافي بالموضوع - مصطلح موضوعي
مصطلح موضوعي أو اسم جغرافي كعنصر مدخل تاريخ العرب.
650 17 - مدخل إضافي بالموضوع - مصطلح موضوعي
مصطلح موضوعي أو اسم جغرافي كعنصر مدخل النهضة اليابانية.
650 17 - مدخل إضافي بالموضوع - مصطلح موضوعي
مصطلح موضوعي أو اسم جغرافي كعنصر مدخل النهضة العربية.
942 ## - بيانات إضافية (كوها)
نوع التنصيف Dewey Decimal Classification
نوع المادة (كوها) كتب
المقتنيات
حالة السحب حالة الفقدان مصدر التصنيف حالة التلف غير قابل للإعارة المكتبة الرئيسية المكتبة الحالية موقع الرف تاريخ التزويد الرقم المتسلسل Total Checkouts رقم الإستدعاء الباركود تاريخ آخر ظهور تاريخ الفاتورة نوع المادة (كوها)
    Dewey Decimal Classification     المكتبة المركزية المكتبة المركزية الإعارة 06/07/2004 616177   952 / ض ا ه 616177 28/07/2025 06/07/2004 كتب
    Dewey Decimal Classification Unchecked   مكتبة أبو علندا العامة مكتبة أبو علندا العامة الإعارة 06/07/2004 420423   952/ضاه   28/07/2025 06/07/2004 كتب
    Dewey Decimal Classification Unchecked   مكتبة أم قصير والمقابلين العامة مكتبة أم قصير والمقابلين العامة الإعارة 06/07/2004 420422   952/ضاه   28/07/2025 06/07/2004 كتب
    Dewey Decimal Classification     مكتبة الأميرة ايمان العامة مكتبة الأميرة ايمان العامة الإعارة 06/07/2004 420414   952/ضاه 420414 28/07/2025 06/07/2004 كتب
    Dewey Decimal Classification Unchecked   مكتبة الاميرة بديعة مكتبة الاميرة بديعة الإعارة 06/07/2004 420417   952/ضاه   28/07/2025 06/07/2004 كتب
    Dewey Decimal Classification Unchecked   مكتبة الجويدة مكتبة الجويدة الإعارة 06/07/2004 420418   952/ضاه   28/07/2025 06/07/2004 كتب
    Dewey Decimal Classification     مكتبة الحسن العامة مكتبة الحسن العامة الإعارة 28/07/2025 139668   952/ضاه 139668 28/07/2025 28/07/2025 كتب
    Dewey Decimal Classification     مكتبة الحسن العامة مكتبة الحسن العامة الإعارة 28/07/2025 420419   952/ضاه 420419 28/07/2025 28/07/2025 كتب
    Dewey Decimal Classification Unchecked   مكتبة صويلح العامة مكتبة صويلح العامة الإعارة 06/07/2004 420415   952/ضاه   28/07/2025 06/07/2004 كتب
    Dewey Decimal Classification     مكتبة وادي السير العامة مكتبة وادي السير العامة الإعارة 06/07/2004 420424   952/ضاه 420424 28/07/2025 06/07/2004 كتب
Implemented & Customized by: BBB with SCIT (Smart Chains for Information Technology)

Powered by Koha